000
00243nam a2200097Ia 4500
001
706304
005
20250826162446.0
008
250824s9999 xx 000 0 und d
245
0
_a
MİMLERİN ABECESİ
_c
ÖMER LEKESİZ
260
_b
İNSAN YAYINLARI
999
_c
706304
_d
706304